000 00510nam a22001817a 4500
005 20220802092857.0
008 220801b ||||| |||| 00| 0 eng d
040 _cAL
041 _aEnglish
082 _223
_a658.4095
_bDASA
100 _aR H Dastur
_954255
245 _aAre you Killing Yourself Mr.Executive?
260 _aNew Delhi
_bAll India Management Association
_c1976
300 _a208 p.
_bHB
_c21x13 cm.
650 _aExecutive stress
_954256
700 _aDASTUR (R H)
_954257
942 _2ddc
_cGF
999 _c224340
_d224340